000 00685nam a2200217 a 4500
005 20241129063743.0
008 991125s1984 mx 000 0 spa u
020 _a9688790052
035 _aUPN01000030182
049 _aI
050 4 _aPN1085
_bB4.3
100 1 _aBecerra, Gabriela
245 1 4 _aUna indita en su chinampa :
_bcoplas para niñas y niños /
_cGabriela Becerra, Carlos Pellicer López.
260 _aMéxico :
_bCultura :
_bErmitaño,
_c1984.
300 _a40 p. :
_bil.
440 0 _aLetra y color
650 4 _aLIBROS INFANTILES PARA ILUMINAR
_98836
650 4 _aPoesía infantil mexicana
_91260
700 1 _aPellicer López, Carlos,
_ecoaut.
905 _aInfantil
999 _c30182
_d30182